Responses for Show #7159 - Thursday, October 29, 2015

Contestants

[<< previous game]

Julie Stapel, an attorney from La Grange Park, Illinois

Damien Martin, a travel adviser from Overland Park, Kansas

Nikki Grillos, a freelance associate casting director from New York, New York (whose 1-day cash winnings total $14,801)

[next game >>]

Jeopardy! Round responses

BAD NEWS
GOING BANANAS
TV CREATORS
LET'S GO TO THE AIRPORT
ART
ENDS IN "OON"
    $200 10
the Titanic

Nikki
    $200 14
gorillas (or monkeys)

Julie
    $200 16
The Sopranos

Nikki
    $200 1
LaGuardia

Julie
    $200 19
(Damien: What is Dadaism?)

Surrealism

DamienJulie
    $200 6
a monsoon

Nikki
    $400 12
(Nikki: What is Three Mile Island?)

Chernobyl

NikkiJulie
    $400 15
(Julie: What is Dole?)

Chiquita

NikkiJulie
    $400 17
(Damien: Who is... [Sighs])

(Rod) Serling

NikkiDamien
    $400 2
(Julie: What is Hartsfield, in Atlanta?)
(Damien: What is Idlewild Airport?)
...
(Alex: Julie, it was closer to your home. It's [*].)
(Julie: Oh.)

O'Hare

DamienJulie
Triple Stumper
    $1,000 20
(Julie: What's imbroglio?)

fresco

Julie
    $400 7
to swoon

Julie
    $600 13
Bulgaria

Damien
    $600 24
a plantain

Nikki
    $600 18
Don Draper

Damien
    $600 3
(Damien: What is Gatwick?)

Heathrow

DamienJulie
    $600 22
a fiddler

Nikki
    $600 8
a platoon

Nikki
    $800 25
potassium

Julie
    $800 4
(Damien: What is Santa Fe?)

Denver

DamienJulie
    $800 23
Henri Rousseau

Triple Stumper
    $800 9
festoon

Damien
    $1000 26
[The end-of-round signal sounds.]

banana cream pie

Nikki
    $1000 5
(Julie: What is Nashville?)
(Damien: What is Charlotte?)
...
(Alex: What is [*]? The home of FedEx.)

Memphis

DamienJulie
Triple Stumper
    $1000 21
(Alex: Less than a minute now.)

The Night Watch

Nikki
    $1000 11
Kowloon

Nikki

Scores at the first commercial break (after clue 15):

Nikki Damien Julie
$2,000 -$1,400 $800

Scores at the end of the Jeopardy! Round:

Nikki Damien Julie
$5,800 -$1,400 $800

Double Jeopardy! Round responses

WHAT'S YOUR MOVIE NUMBER?
APPROXIMATE WEIGHTS & MEASURES
IN THE DICTIONARY
A LIFE ON THE "B" LIST
NEW MEXICO
LAND OF ENCHANTMENT
    $400 9
Zero Dark Thirty

Nikki
    $400 11
Lent

Nikki
    $400 20
(Sepp) Blatter

Julie
    $400 23
Roswell

Julie
    $400 16
Narnia

Nikki
    $1,200 10
Four Weddings and a Funeral

Nikki
    $800 12
a wedding

Damien
    $800 21
(William) Blake

Nikki
    $800 6
a tarantula

Nikki
    $800 17
The Dark Tower

Nikki
    $1200 8
10 Things I Hate About You

Nikki
    $1200 13
mosh

Julie
    $1200 22
(Alex: And you're out of the hole on the plus side with less than a minute to go, Damien.)

(Senator Robert) Byrd

Damien
    $1200 4
(Alex: Nikki, you knew that, but you didn't ring in.)

Gallup, New Mexico

Triple Stumper
    $1200 18
Whoville

Triple Stumper
    $1600 7
127 Hours

Nikki
    $1600 27
(Damien: What is nuttin'?)
[The end-of-round signal sounds.]

plenty

NikkiDamien
    $1600 14
aficionado

Julie
    $1600 25
(Sarah) Bernhardt

Julie
    $1600 3
the Zuni reservation

Triple Stumper
    $1600 19
the City of Bones

Triple Stumper
    $2000 5
(Alex: Damien, you might want to start at the top, the easier clues.)
[Laughter]

Three Days of the Condor

Triple Stumper
    $2000 26
a tuft

Julie
    $2000 15
it contains every letter in the alphabet

Damien
    $2000 24
Black Hawk

Triple Stumper
    $2,000 1
(Alex: Damien?)
(Damien: What is the Colorado?)
(Alex: No. The counterpart to Paul Bunyan is Pecos Bill, so we're talking about [*].)

the Pecos River

Damien
    $2000 2
Discworld

Triple Stumper

Scores at the end of the Double Jeopardy! Round:

Nikki Damien Julie
$15,000 -$1,000 $8,000

[wagering suggestions for these scores]

Final Jeopardy! Round responses

AFRICA
(Alex: And as I was reading that clue, I looked out towards the audience, and Damien was seated there, and he wrote down a response immediately.)
...
[During the credits, Damien returned to the stage and held up his paper showing the correct response.]
JulieWhat is Ivory Crus
$8,000
NikkiWhat is Djibouti?
$1,001
Djibouti

Final scores:

Nikki Damien Julie
$16,001 -$1,000 $0
2-day champion: $30,802 3rd place: $1,000 2nd place: $2,000

Game dynamics:

Coryat scores:

Nikki Damien Julie
$14,600 $1,000 $9,000
21 R
(including 1 DD),
1 W
6 R,
8 W
(including 1 DD)
14 R,
4 W
(including 1 DD)

Combined Coryat: $24,600

[game clues] [game scores] [suggest correction]

Game tape date: 2015-09-15
The J! Archive is created by fans, for fans. Scraping, republication, monetization, and malicious use prohibited; this site may use cookies and collect identifying information. See terms. The Jeopardy! game show and all elements thereof, including but not limited to copyright and trademark thereto, are the property of Jeopardy Productions, Inc. and are protected under law. This website is not affiliated with, sponsored by, or operated by Jeopardy Productions, Inc. Join the discussion at JBoard.tv.